Ranks of the Australian Defence Force - Statistics

General Stats
  • This quiz has been taken 337 times
  • The average score is 44 of 55
Answer Stats
Hint Answer % Correct
CPL Corporal
98%
CPL/BDR Corporal/Bombardier
97%
SGT Sergeant
97%
SGT Sergeant
96%
WOFF Warrant Officer
96%
WO Warrant Officer
94%
CAPT Captain
92%
PTE Private
92%
MAJ Major
91%
CAPT Captain
90%
LCPL/LBDR Lance Corporal/Lance Bombadier
89%
BRIG Brigadier
88%
LT Lieutenant
88%
MAJGEN Major General
88%
GEN General
87%
LEUT Lieutenant
87%
COL Colonel
86%
SMN Seaman
86%
SSGT Staff Sergeant
86%
LTCOL Lieutenant Colonel
85%
LTGEN Lieutenant General
85%
SQNLDR Squadron Leader
84%
2LT Second Lieutenant
81%
FLTLT Flight Lieutenant
80%
FSGT Flight Sergeant
80%
WGCDR Wing Commander
80%
AIRCDRE Air Commodore
79%
PLTOFF Pilot Officer
79%
WO1 Warrant Officer Class 1
79%
WO2 Warrant Officer Class 2
79%
PO Petty Officer
77%
ADM Admiral
76%
AM Air Marshal
76%
CPO Chief Petty Officer
76%
CMDR Commander
76%
GPCAPT Group Captain
76%
AB Able Seaman
75%
RSM-A Regimental Sergeant Major of the Army
75%
AVM Air Vice-Marshal
74%
FLGOFF Flying Officer
74%
VADM Vice Admiral
74%
CDRE Commodore
73%
LS Leading Seaman
73%
WOFF-AF Warrant Officer of the Air Force
73%
RADM Rear Admiral
71%
SBLT Sub Lieutenant
71%
ACM Air Chief-Marshal
70%
LCDR Lieutenant Commander
70%
AC/ACW Aircraftman/Aircraftwoman
69%
LAC/LACW Leading Aircraftman/Leading Aircraftwoman
69%
WO-N Warrant Officer of the Navy
67%
FM Field Marshal
66%
ASLT Acting Sub Lieutenant
63%
MRAAF Marshal of the Royal Australian Air Force
56%
AF Admiral of the Fleet
54%
No matching quizzes found
Score Distribution
Percent of People with Each Score
Percentile by Number Answered
Your Score History
You have not taken this quiz